The Gift for all people : (Record no. 4982)

MARC details
000 -LEADER
fixed length control field 00753cam a22002292 4500
001 - CONTROL NUMBER
control field 0000000925
005 - DATE AND TIME OF LATEST TRANSACTION
control field 20151217151800.0
008 - FIXED-LENGTH DATA ELEMENTS--GENERAL INFORMATION
fixed length control field 070222s xx 000 0 eng d
020 ## - INTERNATIONAL STANDARD BOOK NUMBER
International Standard Book Number 157673942 :
Terms of availability KES 640
040 ## - CATALOGING SOURCE
Original cataloging agency KABU
Transcribing agency KABU
050 #0 - LIBRARY OF CONGRESS CALL NUMBER
Classification number BV4832.2
Item number .L83 1999
100 1# - MAIN ENTRY--PERSONAL NAME
Personal name Lucado, Max.
-- 0000127942
245 14 - TITLE STATEMENT
Title The Gift for all people :
Remainder of title thoughs on God's great grace /
Statement of responsibility, etc. Max Lucado.
260 ## - PUBLICATION, DISTRIBUTION, ETC. (IMPRINT)
Place of publication, distribution, etc. Sisters, Or. :
Name of publisher, distributor, etc. Multnoh,
Date of publication, distribution, etc. c1999.
300 ## - PHYSICAL DESCRIPTION
Extent 135 p. ;
Dimensions 19 cm.
504 ## - BIBLIOGRAPHY, ETC. NOTE
Bibliography, etc Includes bibliographical references(p.[136-139])
600 10 - SUBJECT ADDED ENTRY--PERSONAL NAME
Personal name Jesus Christ
General subdivision Devotional literature.
-- 0000149365
650 #0 - SUBJECT ADDED ENTRY--TOPICAL TERM
Topical term or geographic name as entry element Devotional liteture, English.
-- 0000149366
908 ## - PUT COMMAND PARAMETER (RLIN)
Put command parameter 070222
950 ## - LOCAL HOLDINGS (RLIN)
-- 1
Holdings
Withdrawn status Lost status Source of classification or shelving scheme Not for loan Home library Current library Date acquired Total Checkouts Full call number Date last seen Price effective from Koha item type
    Library of Congress Classification   Kabarak, Main Campus Kabarak, Main Campus 17/12/2015   BV4832.2 .L83 1999 c. 1 17/12/2015 17/12/2015 General Collection
Designed with assistance from East African Informatics Ltd